01507nab a22001937a 4500003000400000005001700004008004100021040000700062100002800069245022100097260007200318300001300390500003800403505061700441505008901058650002001147650001301167773013301180OSt20251231165552.0190605e xxu||||| |||| 00| 0 spa d cPJ aMoltrassio, Sebastián10aTrabajadores en bicicleta (riders) y plataformas de reparto. Atisbos de relación laboral. Estudio de sentencias de CABA, Buenos Aires y Santa Fe /bun riesgo latente para los empleadores /cSebastián Moltrassio.  aCiudad Autónoma de Buenos Aires :bThomson Reuters La Ley,c2023. ap. 65-75 aCita: TR LALEY AR/DOC/258/2023.  aSumario: I. Introducción.— II. Normas de la LCT que generan la presunción de relación laboral.— III. Jurisprudencia. Atisbos de relación laboral: CABA. Actividad sindical.— IV. Provincia de Buenos Aires. Caracterización de la relación laboral.— V. "Repartos YA SA s/ apelación de resolución administrativa". Tribunal del Trabajo N° 1. La Plata.— VI. "Rappi Arg SAS s/ apelación de resolución administrativa". Tribunal del Trabajo N° 2. La Plata.— VII. "Kadabra SAS c. Ministerio de Trabajo s/ apelación de resolución administrativa".— VIII. Santa Fe.— IX. Conclusión.  t¿Te interesa el texto completo? Solicitalo al correo: koha@justierradelfuego.gov.ar 0aDERECHO LABORAL 0aPANDEMIA0 02711dCiudad Autónoma de Buenos Aires : Thomson Reuters La Ley, 1999-2002.tRevista de derecho del trabajo. Nº 2 - Marzo 2023